X Congreso Español de Patología Digestiva y de la Nutrición. (Record no. 46759)

MARC details
000 -LEADER
campo de control de longitud fija 00795nam a2200205 i 4500
001 - NÚMERO DE CONTROL
campo de control 46759
003 - IDENTIFICADOR DE NÚMERO DE CONTROL
campo de control ES-MaACL
005 - FECHA Y HORA DE LA ÚLTIMA TRANSACCIÓN
campo de control 20230906161437.0
007 - CAMPO FIJO DE DESCRIPCIÓN FÍSICA--INFORMACIÓN GENERAL
campo de control de longitud fija t|
008 - DATOS DE LONGITUD FIJA--INFORMACIÓN GENERAL
campo de control de longitud fija 030401s1965 sp a ||||1| spa d
080 ## - NÚMERO DE LA CLASIFICACIÓN DECIMAL UNIVERSAL
Número de la Clasificación Decimal Universal 616.3:061.3
111 2# - ENTRADA PRINCIPAL--NOMBRE DE CONGRESO/REUNIÓN
Nombre de congreso/reunión o jurisdicción como elemento de entrada Congreso Español de Patología Digestiva y de la Nutrición (
Fecha del congreso o de la firma del tratado 1965.
Sede del congreso/Lugar de la reunión Oviedo)
9 (RLIN) 358
245 10 - MENCIÓN DEL TÍTULO
Título X Congreso Español de Patología Digestiva y de la Nutrición.
260 ## - PUBLICACIÓN, DISTRIBUCIÓN, ETC.
Lugar de publicación, distribución, etc. Oviedo :
Nombre del editor, distribuidor, etc. [s.n.,
Fecha de publicación, distribución, etc. 1965]
300 ## - DESCRIPCIÓN FÍSICA
Extensión 2 v. :
Otras características físicas il. bl. y n. ;
Dimensiones 24 cm.
500 ## - NOTA GENERAL
Nota general Falta el T. II.
505 80 - NOTA DE CONTENIDO CON FORMATO
Nota de contenido con formato Contiene: T.I. Ponencia "Cáncer de esófago".- T.III. Ponencia "Lesiones Quirúrgicas de las vías biliares" segunda parte
650 04 - PUNTO DE ACCESO ADICIONAL DE MATERIA--TÉRMINO DE MATERIA
Término de materia o nombre geográfico como elemento de entrada Aparato digestivo-
Subdivisión general Enfermedades-
Subdivisión de forma Congresos y asambleas.
9 (RLIN) 9907
852 ## - LOCALIZACIÓN
Ubicación ES-MaACL
Número de control de estantería 2274-F-12-13
Encuadernación Olim P-1101
Holdings
Estatus retirado Estado de pérdida Estado de daño No para préstamo Colección Biblioteca de origen Biblioteca actual Ubicación en estantería Fecha de adquisición Fuente de adquisición Total de préstamos Signatura topográfica completa Código de barras Visto por última vez Precio de reemplazo Tipo de ítem Koha
        Colección de folletos Biblioteca del Ateneo de Madrid Biblioteca del Ateneo de Madrid Depósito folletos 28/01/2011     2274-F-12-13 1185509 23/02/2023 23/02/2023 Folleto